Carnivore Types - Statistics

General Stats
  • This quiz has been taken 5 times
    4 since last reset
  • The average score is 8 of 20
Answer Stats
Hint Answer % Correct
Corallivore Coral
75%
Piscivore Fish
75%
Insectivore Insects
75%
Araneophagy Spiders
75%
Spongivore Sponges
75%
Myrmecophage Ants | Termites
50%
Avivore Birds
50%
Haematophage/Sanguivore Blood
50%
Egg predator Eggs
50%
Mulloscivore Molluscs
50%
Zooplanktonivore Zooplankton
50%
Invertivore Invertebrates
25%
Mucophagy Mucus
25%
Vermivore Worms
25%
Lepidophagy Fish scale
0%
Anurophagy Frogs
0%
Durophagy Hard-shelled organism | Exoskeleton Organism
0%
Keratophagy/Ceratophagy Keratin-based material
0%
Ophiophagy Snakes
0%
Teuthophagore Squid | Cephalopods
0%
No matching quizzes found
Score Distribution
Percent of People with Each Score
Percentile by Number Answered
Your Score History
You have not taken this quiz since the last reset